000
00342 a2200133 4500
000
nam a22 7a 4500
100
_a
Price, Valerie C.
110
_a
Price, Valerie C.
245
_a
Botanical Illustration
250
_a
Latest edition
260
_b
Bloomsbury Publishing
_c
2019
264
_b
Bloomsbury Publishing
_c
2019
942
_c
BK
999
_c
396042
_d
396042